Gestalt: (Record no. 17127)

MARC details
000 -LEADER
fixed length control field 00810nam a22002297a 4500
005 - DATE AND TIME OF LATEST TRANSACTION
control field 20081020160624.0
008 - FIXED-LENGTH DATA ELEMENTS--GENERAL INFORMATION
fixed length control field 081020t xxu||||| |||| 00| 0 eng d
010 ## - LIBRARY OF CONGRESS CONTROL NUMBER
LC control number ENG-84165
020 ## - INTERNATIONAL STANDARD BOOK NUMBER
International Standard Book Number 812502901X
020 ## - INTERNATIONAL STANDARD BOOK NUMBER
Terms of availability 195.00 (pbk)
035 ## - SYSTEM CONTROL NUMBER
System control number EN-67698
082 ## - DEWEY DECIMAL CLASSIFICATION NUMBER
Classification number 150.1982
100 ## - MAIN ENTRY--PERSONAL NAME
Personal name Sinay, Sergio
245 ## - TITLE STATEMENT
Title Gestalt:
Remainder of title for beginners /
Statement of responsibility, etc by Sergio Sinay; illustrated by Pablo Blasberg
260 ## - PUBLICATION, DISTRIBUTION, ETC. (IMPRINT)
Place of publication, distribution, etc New Delhi
Name of publisher, distributor, etc Orient Longman
Place of manufacture 1/24, Asaf Ali Road, New Delhi-110002
260 ## - PUBLICATION, DISTRIBUTION, ETC. (IMPRINT)
Date of publication, distribution, etc 2005
300 ## - PHYSICAL DESCRIPTION
Extent 176p
Other physical details ill
Dimensions 24cm
500 ## - GENERAL NOTE
General note Includes index
700 ## - ADDED ENTRY--PERSONAL NAME
Personal name Blasberg, Pablo
Titles and other words associated with a name ill
942 ## - ADDED ENTRY ELEMENTS (KOHA)
Source of classification or shelving scheme Dewey Decimal Classification
Koha item type English Books
Classification part 150.1982
Call number suffix SIN
Holdings
Withdrawn status Lost status Source of classification or shelving scheme Damaged status Not for loan Home library Current library Date acquired Cost, normal purchase price Total Checkouts Full call number Barcode Date last seen Cost, replacement price Price effective from Koha item type
    Dewey Decimal Classification   Not For Loan D.B.Act.Division D.B.Act.Division 26/02/2007 195.00   150.1982 SIN EN-67698 21/10/2008 195.00 21/10/2008 English Books

© Delhi Public Library
Hit Counter
free hit counter